Statistiques concernant Les pires équipes NBA de l'histoire

Cliquez ici pour prendre le quiz!

Statistiques générales

  • Ce quiz a été pris 87 fois
  • Le résultat moyen est 3 sur 10

Statistiques - réponses

AnnéeVictoires / DéfaitesRéponse% Correct
11-127/59Charlotte Bobcats
46%
00-0115/67Chicago Bulls
46%
86-8712/70Los Angeles Clippers
46%
82-8314/68Houston Rockets
35%
02-0317/65Cleveland Cavaliers
32%
72-739/73Philadelphie 76ers
32%
92-9311/71Dallas Mavericks
28%
97-9811/71Denver Nuggets
27%
04-0513/69Atlanta Hawks
21%
09-1012//70New Jersey Nets
20%

Distribution des résultats

Percentile par nombre de réponses

% des personnes avec chaque résultat

Votre développement - résultats

Vous n’avez pas pris ce quiz